000 00349 a2200145 4500
001 162508
020 _a
040 _cMagnum
100 _aRegina, Tia.
240 1 0 _aLendas do rio sao francisco - a festa no ceu
_lpor
245 1 0 _aLendas do rio sao francisco - a festa no ceu
362 0 _a1899
697 _aIJ/LENDAS, FOLCLORE
942 _cBK
999 _c162508
_d162508